000 00464nam a22001817a 4500
003 koha_MIRAKIL
005 20231213095833.0
008 231213b |||||||| |||| 00| 0 ||| d
020 _b978-9-75817694-6
040 _aTR-IsEVY
_btur
_cTR-IsEVY
082 _aFIC MOO/H
100 _aMoore- Mallinos, Jennifer.
245 0 _aHatırlıyorum
260 _bRedhouse Kidz Çocuk Kitapları,
_c2008
300 _a31
650 _aGenel Konular.
942 _2ddc
_cBK
999 _c10274
_d10274